|
|
|
|
| LEADER |
01197nam a2200301 a 4500 |
| 001 |
287 |
| 003 |
BD-DhAAL |
| 005 |
20150502141202.0 |
| 008 |
150502s1990 cau b 001 0 eng c |
| 010 |
|
|
|a 90008281
|
| 020 |
|
|
|a 0803933363 (v. 1)
|
| 020 |
|
|
|a 0803937946 (v. 2)
|
| 040 |
|
|
|a DNLM/DLC
|c DLC
|d DLC
|d BD-DhAAL
|
| 050 |
0 |
0 |
|a RC488.5
|b .V65 1990
|
| 060 |
|
|
|a WM 430.5.F2 V889
|
| 082 |
0 |
0 |
|a 616.89/156
|2 20
|
| 245 |
0 |
0 |
|a Voices in family psychology /
|c edited by Florence W. Kaslow.
|
| 260 |
|
|
|a Newbury Park :
|b Sage Publications,
|c c1990.
|
| 300 |
|
|
|a 2 v. ;
|c 24 cm.
|
| 504 |
|
|
|a Includes bibliographical references and indexes.
|
| 541 |
|
|
|e 287
|
| 650 |
|
0 |
|a Family psychotherapy.
|9 8537
|
| 650 |
|
2 |
|a Family Therapy.
|9 10908
|
| 700 |
1 |
|
|a Kaslow, Florence Whiteman.
|9 10909
|
| 942 |
|
|
|2 ddc
|c BK
|
| 999 |
|
|
|c 34363
|d 34363
|
| 952 |
|
|
|0 0
|1 0
|2 ddc
|4 0
|6 616_891560000000000_VOI
|7 0
|9 53655
|a SCL
|b SCL
|c GEN
|d 2015-05-02
|e Gift: The Asia Foundation
|l 0
|o 616.89156 VOI
|p 3020000287
|r 2015-05-02
|t 1
|w 2015-05-02
|y BK
|
| 952 |
|
|
|0 0
|1 0
|2 ddc
|4 0
|6 616_891560000000000_VOI
|7 0
|9 53903
|a SCL
|b SCL
|c GEN
|d 2015-05-26
|e Gift: The Asia Foundation
|l 1
|m 5
|o 616.89156 VOI
|p 3020000288
|r 2019-03-04
|s 2019-01-21
|t 2
|w 2015-05-26
|y BK
|